Silica fume in concrete (Record no. 110015)
[ view plain ]
| 000 -LEADER | |
|---|---|
| fixed length control field | 01034cam a22002535a 4500 |
| 001 - CONTROL NUMBER | |
| control field | E148350 |
| 008 - FIXED-LENGTH DATA ELEMENTS--GENERAL INFORMATION | |
| fixed length control field | 090908s2009 xxkao f 000 0 eng d |
| 020 ## - INTERNATIONAL STANDARD BOOK NUMBER | |
| International Standard Book Number | 9781848061057 |
| 035 ## - SYSTEM CONTROL NUMBER | |
| System control number | (Sirsi) u148350 |
| 041 0# - LANGUAGE CODE | |
| Language code of text/sound track or separate title | eng |
| 050 04 - LIBRARY OF CONGRESS CALL NUMBER | |
| Classification number | 693.5 $2 18 |
| 100 1# - MAIN ENTRY--PERSONAL NAME | |
| Personal name | Dunster, Andrew |
| 245 00 - TITLE STATEMENT | |
| Title | Silica fume in concrete |
| 260 ## - PUBLICATION, DISTRIBUTION, ETC. | |
| Place of publication, distribution, etc. | Watford |
| Name of publisher, distributor, etc. | BRE |
| Date of publication, distribution, etc. | 2009 |
| 300 ## - PHYSICAL DESCRIPTION | |
| Extent | 12p. |
| Other physical details | col.ill. |
| Dimensions | 30cm. |
| 490 #0 - SERIES STATEMENT | |
| Series statement | BRE Information Paper |
| Volume/sequential designation | IP 5/09 |
| 505 2# - FORMATTED CONTENTS NOTE | |
| Formatted contents note | What is silica fume? -- Uses and benefits of SF in concrete -- Practical considerations -- Environmental aspects associated with the use of SF in concrete -- Economics -- Key features of SF in concrete -- Conclusion -- Frequently asked questions |
| 520 ## - SUMMARY, ETC. | |
| Summary, etc. | Discusses the by-product silica fume and the benefits of its use as a supplement to cement. Includes case studies. |
| 521 ## - TARGET AUDIENCE NOTE | |
| Target audience note | Advanced |
| 590 ## - LOCAL NOTE (RLIN) | |
| Local note | KA |
| 651 #4 - SUBJECT ADDED ENTRY--GEOGRAPHIC NAME | |
| Geographic name | United Kingdom |
| Chronological subdivision | |
| 690 ## - LOCAL SUBJECT ADDED ENTRY--TOPICAL TERM (OCLC, RLIN) | |
| Topical term or geographic name as entry element | BUILT ENVIRONMENT-BUILDING MATERIALS-CEMENTITIOUS, CONCRETE AND MINERAL BOUND MATERIALS-CONCRETE |
| 942 ## - ADDED ENTRY ELEMENTS (KOHA) | |
| Suppress in OPAC | 0 |
| Withdrawn status | Lost status | Source of classification or shelving scheme | Damaged status | Not for loan | Home library | Current library | Shelving location | Date acquired | Total Checkouts | Full call number | Barcode | Date last seen | Copy number | Price effective from | Koha item type |
|---|---|---|---|---|---|---|---|---|---|---|---|---|---|---|---|
| Dewey Decimal Classification | London | London | BRE publications | 23/09/2009 | BRE | 30077199 | 06/08/2019 | 1 | 06/08/2019 | Book |